Star Wars Planets - Statistics

General Stats
  • This quiz has been taken 11 times
  • The average score is 14 of 15
Answer Stats
Hint Answer % Correct
home of senator organa alderaan
100%
cloud city bespin
100%
yoda's exile dagobah
100%
home of the ewoks endor
100%
very very cold hoth
100%
clones kamino
100%
wookies kashyyyk
100%
first droid invasion naboo
100%
Birth place of anakin tatooine
100%
rebel base yavin
100%
birth place of aayla secura ryloth
86%
birth place of han solo corellia
71%
ocean planet mon calamari
71%
home of the hutts nal hutta
71%
the capital coruscant
57%
No matching quizzes found
Score Distribution
Percent of People with Each Score
Percentile by Number Answered
Your Score History
You have not taken this quiz